South Eastern Kenya University

Library Online Public Access Catalogue


Public administration : (Record no. 6300)

MARC details
000 -LEADER
fixed length control field 00748nam a2200241 a 4500
001 - CONTROL NUMBER
control field 2618710
003 - CONTROL NUMBER IDENTIFIER
control field OSt
005 - DATE AND TIME OF LATEST TRANSACTION
control field 20150720095015.0
008 - FIXED-LENGTH DATA ELEMENTS--GENERAL INFORMATION
fixed length control field 990415s1999 txua b 001 0 eng
010 ## - LIBRARY OF CONGRESS CONTROL NUMBER
LC control number 98071721
020 ## - INTERNATIONAL STANDARD BOOK NUMBER
International Standard Book Number 0155055240
040 ## - CATALOGING SOURCE
Original cataloging agency SEKU
050 00 - LIBRARY OF CONGRESS CALL NUMBER
Classification number JF 1351
Item number .D4 1999
100 1# - MAIN ENTRY--PERSONAL NAME
Personal name Denhardt, Robert B.
245 10 - TITLE STATEMENT
Title Public administration :
Remainder of title an action orientation.
250 ## - EDITION STATEMENT
Edition statement 3rd ed. /
Remainder of edition statement Robert B. Denhardt with Joseph W. Grubbs.
260 ## - PUBLICATION, DISTRIBUTION, ETC. (IMPRINT)
Place of publication, distribution, etc. Fort Worth, TX :
Name of publisher, distributor, etc. Harcourt Brace College Publishers,
Date of publication, distribution, etc. c1999.
300 ## - PHYSICAL DESCRIPTION
Extent xxi, 474 p. :
Other physical details ill. ;
Dimensions 25 cm.
504 ## - BIBLIOGRAPHY, ETC. NOTE
Bibliography, etc Includes bibliographical references (p. 429-445) and index.
650 #0 - SUBJECT ADDED ENTRY--TOPICAL TERM
Topical term or geographic name as entry element Public administration.
700 1# - ADDED ENTRY--PERSONAL NAME
Personal name Grubbs, Joseph W.
942 ## - ADDED ENTRY ELEMENTS (KOHA)
Source of classification or shelving scheme Library of Congress Classification
Koha item type General circulation
Holdings
Withdrawn status Lost status Source of classification or shelving scheme Damaged status Not for loan Home library Current library Shelving location Date acquired Source of acquisition Total Checkouts Full call number Barcode Date last seen Price effective from Koha item type Public note
    Library of Congress Classification     Main Campus Library Main Campus Library General Stacks 20/07/2015 Donation-Books for Africa   JF 1351 .D4 1999 2015/003718 20/07/2015 20/07/2015 General circulation amk
Kitui, Kenya.
+254736116989
library@seku.ac.ke